Výsledky spočítania návštevníkov v NP Slovenský raj

Bibliographic Details
Main Author: Špičuk, Jaroslav (Author)
Format: Article
Language:Slovak
PhysicalDescription:Fotogr.
ISSN:1335-6828
Subjects:

MARC

LEADER 00000nab a2200000 a 4500
001 vtls000888889
003 SK-MaSNL
005 20260302170342.0
008 041110c2004 xo wr|p|||||||000 b|slo
015 |a SNBRx2004/10  |2 snkbucl 
038 |a SNKBUCL 
040 |a SNKBUCL  |b slo  |c SNKBUCL  |e AACR2 
041 0 |a slo 
044 |a xo  |c SK 
080 |a 502.4  |x (437.6)  |2 UDC-MRF-SK2 
100 1 |a Špičuk, Jaroslav  |4 aut  |9 784978 
245 1 0 |a Výsledky spočítania návštevníkov v NP Slovenský raj  |c Jaroslav Špičuk 
300 |b Fotogr. 
648 7 |a 2004  |2 snkbucl  |9 303492 
650 0 7 |a návštevnosť  |2 snkbucl  |9 508914 
651 7 |a Národný park Slovenský raj (Slovensko)  |2 snkbucl  |9 14391 
773 0 |t Tatry  |g Roč. XLIII, č. 6 (2004), s. 4  |x 1335-6828 
852 |a SNK  |b KIS3GCP 
999 |c 1392613  |d 1394543